000 00781nam a22002057a 4500
999 _c2104
_d2104
003 AR-CdUCM
008 190304b ||||| |||| 00| 0 eng d
040 _aMUNICIPALIDAD PROVINCIAL DEL CUSCO
_cBIBLIOTECA MUNICIPAL DEL CUSCO
082 _a984.07 /
_bH41
100 _aEdmundo Heredia, Luis
_97607
245 _aPais: Anterior a las estrellas /
260 _aBolivia :
_bUniverso,
_c1976.
300 _a169 páginas.
_c19 cm.
505 _aContenido: Tiahuanacu: Anterior a las estrellas -- Bolivia y sus asentamientos humanos -- La Paz y su geografia de sus raices -- PotosĂ­ - Ciudad -- La Paz - Ciudad magica...
650 _aLiteratura Boliviana.
_94271
650 _aLa Paz.
_9620
650 _aCultura Tiahuanaco.
_97608
942 _2ddc
_cLIBROS
945 _artm
_d2019-03-04